[Event "Mississauga Goldon Horseshoe op U2000"]
[Site "Mississauga"]
[Date "2018.06.03"]
[Round "5.4"]
[White "Huang, Youhe"]
[Black "Milinkovic, Mate"]
[Result "1-0"]
[WhiteElo "1950"]
[BlackElo "1869"]
[PlyCount "57"]
[EventDate "2018.06.02"]
[EventType "swiss"]
[EventRounds "5"]
[EventCountry "CAN"]
[SourceTitle "EXT 2022"]
[Source "ChessBase"]
[SourceDate "2021.10.06"]
[SourceVersion "1"]
[SourceVersionDate "2021.10.06"]
[SourceQuality "1"]

1. e4 c5 2. Nf3 e6 3. d4 cxd4 4. Nxd4 a6 5. Nc3 Qc7 6. g3 Nc6 7. Be3 Nf6 8. Bg2 Bb4 9. f4 e5 10. Nf5 0-0 11. 0-0 d6 12. fxe5 dxe5 13. Bg5 Qb6+ 14. Kh1 Bxf5 15. Rxf5 Bxc3 16. bxc3 Ne8 17. Bf1 Qc5 18. Qe1 Rc8 19. Rd1 Ne7 20. Bxe7 Qxe7 21. Rd5 f6 22. Qd2 Rf7 23. Bh3 Rc6 24. Rf1 Nd6 25. Rd1 Nc4 26. Rd8+ Rf8 27. Qd5+ Kh8 28. Qd7 Rd6 29. Qxe7 1-0